000
00306nam a2200121Ia 4500
008
220216s9999 xx 000 0 und d
100
_a
Sasidharan K K
245
0
_a
Quality enhancement through nano technology
260
_b
Rubber Asia
_c
2008
300
_a
47-48
650
_a
Nano technology
942
_c
JS
999
_c
66165
_d
66165